000 00318nam a2200133 i 4500
001 bg
245 0 _aDokumenty normalizacyjne w działalności informacyjnej.
260 _aWarszawa,
_c1980.
040 _cBPK
041 _apol
080 _a016:002.1:006
942 _cKS
008 s pl f |000 0 pol
999 _c19729
_d19729
856 _uhttp://koha.tu.koszalin.pl/cgi-bin/koha/opac-detail.pl?biblionumber=19729
_yKatalog online BPK